000
00316nam a22001337a 4500
008
181203b xxu||||| |||| 00| 0 eng d
020
_a
9780136015185
041
_a
eng
080
_2
11 TH
_a
330.722
100
_a
61
101
_a
KON
245
_a
Accouting Informations Systems
_c
Romney.M.B
942
_2
udc
_c
BK
999
_c
52714
_d
52714